Fifa 21 Top 100 Rest of World Players - Statistics

General Stats
  • This quiz has been taken 64 times
  • The average score is 32 of 100
Answer Stats
Rating Club Nation Player % Correct
84 Ajax Cameroon Andre Onana
94%
83 Ajax Serbia Dusan Tadic
90%
83 Inter Miami France Blaise Matuidi
81%
83 Inter Miami Argentina Gonzalo Higuain
81%
83 Shanghai SIPG Brazil Oscar
77%
83 LAFC Mexico Carlos Vela
71%
84 Ajax Argentina Nicolas Tagliafico
71%
84 FC Porto Mexico Jesus Corona
68%
81 Vissel Kobe Spain Andres Iniesta
65%
80 Ajax Brazil David Neres
65%
83 Guangzhou Evergrande Brazil Paulinho
65%
79 Sporting CP Portugal Paulinho
65%
84 SL Benfica Spain Alejandro Grimaldo
61%
82 Galatasaray Uruguay Fernando Muslera
61%
82 Ajax Netherlands Daley Blind
58%
81 Tigres UANL France Andre-Pierre Gignac
55%
82 Shanghai SIPG Austria Marko Arnautovic
55%
82 Fenerbahce Germany Mesut Ozil
55%
83 SL Benfica Portugal Rafa
55%
82 Guangzhou Evergrande Brazil Anderson Talisca
52%
80 FC Groningen Netherlands Arjen Robben
52%
83 Medipol Basaksehir Bosnia-Herzegovina Edin Visca
52%
83 Al-Shabab Argentina Ever Banega
52%
81 Atlanta United Venezuela Josef Martinez
52%
84 SL Benfica Portugal Pizzi
52%
80 Al-Hilal Italy Sebastian Giovinco
52%
81 PSV Eindhoven Israel Eran Zahavi
48%
83 SL Benfica Belgium Jan Vertonghen
48%
81 Dalian Yifang Slovakia Marek Hamsik
45%
81 SL Benfica Greece Odysseas Vlachodimos
45%
81 Sporting CP Uruguay Sebastian Coates
45%
79 Jiangsu Suning Brazil Alex Teixeira
42%
80 Beijing Guoan DR Congo Cedric Bakambu
42%
80 Orlando City Portugal Nani
42%
80 Galatasaray Colombia Radamel Falcao
42%
81 Shakhtar Donetsk Brazil Taison
42%
80 CSKA Moscow Russia Igor Akinfeev
39%
82 CSKA Moscow Russia Mario Fernandes
39%
81 Shakhtar Donetsk Ukraine Marlos
39%
81 Club Brugge Belgium Simon Mignolet
39%
82 Ajax Netherlands Quincy Promes
35%
81 Ajax France Sebastien Haller
35%
80 Lokomotiv Moscow Poland Grzegorz Krychowiak
32%
81 FC Porto Portugal Pepe
32%
83 Beijing Guoan Brazil Renato Augusto
32%
81 Feyenoord Netherlands Steven Berghuis
32%
80 Besiktas Serbia Adem Ljajic
29%
82 FC Porto Argentina Agustin Marchesin
29%
80 Guangzhou R&F Belgium Mousa Dembele
29%
79 PSV Eindhoven Germany Philipp Max
29%
80 Dinamo Zagreb Croatia Dominik Livakovic
26%
79 SL Benfica Argentina Nicolas Otamendi
26%
80 Hebei China Fortune China Ricardo Goulart
26%
81 FC Porto Brazil Felipe Anderson
23%
81 Shakhtar Donetsk Brazil Ismaily
23%
81 Beijing Guoan Spain Jonathan Viera
23%
80 Fenerbahce Brazil Luiz Gustavo
23%
80 FC Porto Brazil Otavio
23%
80 Al-Hilal France Bafetimbi Gomis
19%
79 Olympiacos France Mathieu Valbuena
19%
79 Olympiacos Greece Sokratis
19%
80 SL Benfica Portugal Andre Almeida
16%
79 Watford England Ben Foster
16%
79 Jiangsu Suning Italy Eder
16%
79 SL Benfica Brazil Gabriel
16%
81 FC Porto Spain Ivan Marcano
16%
80 Sporting CP Portugal Joao Mario
16%
79 SL Benfica Germany Julian Weigl
16%
80 Jiangsu Suning Brazil Miranda
16%
78 Seattle Sounders Uruguay Nicolas Lodeiro
16%
79 Al-Nassr Morocco Nordin Amrabat
16%
80 Dynamo Kyiv Ukraine Viktor Tsygankov
16%
79 Al-Hilal Peru Andre Carrillo
13%
79 Girona FC Uruguay Cristhian Stuani
13%
79 Portland Timbers Argentina Diego Valeri
13%
81 SL Benfica Brazil Everton
13%
79 FC Porto Mali Moussa Marega
13%
80 CSKA Moscow Croatia Nikola Vlasic
13%
79 Galatasaray Algeria Sofiane Feghouli
13%
79 Lokomotiv Moscow Croatia Vedran Corluka
13%
79 Al-Nassr Morocco Abderrazak Hamdallah
10%
79 Toronto FC Spain Alejandro Pozuelo
10%
79 LA Galaxy Argentina Cristian Pavon
10%
79 PSV Eindhoven Netherlands Denzel Dumfries
10%
80 Medipol Basaksehir Brazil Giuliano
10%
79 Club America Mexico Guillermo Ochoa
10%
79 SC Braga Brazil Matheus
10%
79 Guangzhou Evergrande China Ai Kesen
6%
79 Beijing Guoan Brazil Fernando
6%
79 Tigres UANL Argentina Nahuel Guzman
6%
79 SC Braga Portugal Ricardo Horta
6%
79 Hamburger SV Germany Sven Ulreich
6%
79 Fenerbahce Argentina Diego Perotti
3%
79 Shakhtar Donetsk Ukraine Junior Moraes
3%
79 AZ Alkmaar Netherlands Marco Bizot
3%
79 Al-Nassr Brazil Petros
3%
79 Shkahtar Donetsk Ukraine Taras Stepanenko
3%
79 Sporting CP Portugal Vitorino Antunes
3%
79 Sporting CP Brazil Wendel
3%
79 Olympiacos France Yann M'Vila
3%
No matching quizzes found
Score Distribution
Percent of People with Each Score
Percentile by Number Answered
Your Score History
You have not taken this quiz